000 00288nam a2200121Ia 4500
008 220204s9999 xx 000 0 und d
082 _a82-34
_bFAI
100 _aMaurice, Pamela
245 0 _aPortuguese fairy tales
260 _aBombay
_bSomaiya
_c1969
700 _aMichael
942 _cBK
999 _c31106
_d31106